<?xml version="1.0" encoding="UTF-8"?>
<collection xmlns="http://www.loc.gov/MARC21/slim">
    <record>
        <controlfield tag="001">75163</controlfield>
        <controlfield tag="005">20180927145444.0</controlfield>
        <datafield tag="037" ind1=" " ind2=" ">
            <subfield code="a">TAZ-TFG-2018-1711</subfield>
        </datafield>
        <datafield tag="041" ind1=" " ind2=" ">
            <subfield code="a">spa</subfield>
        </datafield>
        <datafield tag="100" ind1="1" ind2=" ">
            <subfield code="a">Casas Benedí, Ana</subfield>
        </datafield>
        <datafield tag="242" ind1="0" ind2="0">
            <subfield code="a">Social habilities and ASD. Educational response through books</subfield>
        </datafield>
        <datafield tag="245" ind1="0" ind2="0">
            <subfield code="a">Habilidades sociales y alumnos TEA. Intervención educativa mediante cuentos</subfield>
        </datafield>
        <datafield tag="260" ind1=" " ind2=" ">
            <subfield code="a">Zaragoza</subfield>
            <subfield code="b">Universidad de Zaragoza</subfield>
            <subfield code="c">2018</subfield>
        </datafield>
        <datafield tag="506" ind1=" " ind2=" ">
            <subfield code="a">by-nc-sa</subfield>
            <subfield code="b">Creative Commons</subfield>
            <subfield code="c">3.0</subfield>
            <subfield code="u">http://creativecommons.org/licenses/by-nc-sa/3.0/</subfield>
        </datafield>
        <datafield tag="520" ind1=" " ind2=" ">
            <subfield code="a">El objetivo del trabajo es favorecer el desarrollo de habilidades sociales en el alumnado con TEA dentro de un aula ordinaria de la etapa de Educación Primaria mediante el trabajo con cuentos. Para ello, da por un lado una visión global del TEA a partir de la explicación de sus características definitorias y modelos explicativos. Por otro, expone aspectos relativos a la intervención, entre ellos las necesidades educativas especiales, los principios generales para la respuesta educativa y las estrategias metodológicas. Además, recoge aspectos vinculados con las habilidades sociales en los alumnos con TEA, su desarrollo y los cuentos como método con el que desarrollarlas.  Finalmente, tratando de hacer un trabajo práctico y funcional además de formativo, se plantea un programa de desarrollo de habilidades sociales mediante cuentos orientado especialmente a dar respuesta a las necesidades educativas especiales de un niño con TEA en un aula de 1º de primaria.  Se concluye que la implementación del programa puede conllevar notables beneficios no solo en el alumno con TEA, sino también en el resto de niños y niñas del aula. Por ello, se considera de gran interés su puesta en práctica.</subfield>
        </datafield>
        <datafield tag="521" ind1=" " ind2=" ">
            <subfield code="a">Graduado en Magisterio en Educación Primaria</subfield>
        </datafield>
        <datafield tag="540" ind1=" " ind2=" ">
            <subfield code="a">Derechos regulados por licencia Creative Commons</subfield>
        </datafield>
        <datafield tag="700" ind1=" " ind2=" ">
            <subfield code="a">Soriano Bozalongo, Juana</subfield>
            <subfield code="e">dir.</subfield>
        </datafield>
        <datafield tag="710" ind1="2" ind2=" ">
            <subfield code="a">Universidad de Zaragoza</subfield>
            <subfield code="b">Ciencias de la Educación</subfield>
            <subfield code="c">Didáctica y Organización Escolar</subfield>
        </datafield>
        <datafield tag="856" ind1="0" ind2=" ">
            <subfield code="f">652232@celes.unizar.es</subfield>
        </datafield>
        <datafield tag="856" ind1="4" ind2=" ">
            <subfield code="s">1097337</subfield>
            <subfield code="u">http://zaguan.unizar.es/record/75163/files/TAZ-TFG-2018-1711.pdf</subfield>
            <subfield code="y">Memoria (spa)</subfield>
        </datafield>
        <datafield tag="909" ind1="C" ind2="O">
            <subfield code="o">oai:zaguan.unizar.es:75163</subfield>
            <subfield code="p">driver</subfield>
            <subfield code="p">trabajos-fin-grado</subfield>
        </datafield>
        <datafield tag="950" ind1=" " ind2=" ">
            <subfield code="a"></subfield>
        </datafield>
        <datafield tag="951" ind1=" " ind2=" ">
            <subfield code="a">deposita:2018-09-27</subfield>
        </datafield>
        <datafield tag="980" ind1=" " ind2=" ">
            <subfield code="a">TAZ</subfield>
            <subfield code="b">TFG</subfield>
            <subfield code="c">FEDU</subfield>
        </datafield>
        <datafield tag="999" ind1=" " ind2=" ">
            <subfield code="a">20180621011330.CREATION_DATE</subfield>
        </datafield>
    </record>

    
</collection>